[Event "Let's Play Chess!"]
[Site "http://www.queenalice.com/game.php?id=286661"]
[Date "2007.10.15"]
[Round "-"]
[White "guidzidlo"]
[Black "Hawkeye"]
[Result "0-1"]
[WhiteElo "1695"]
[BlackElo "1318"]

1. e4 c5 2. c3 e6 3. d4 cxd4 4. cxd4 d6 5. Nc3 a6 6. Nf3 d5 7. e5 Bb4 8. Qa4+
Nc6 9. Bb5 Ne7 10. Bg5 Qc7 11. a3 Bxc3+ 12. bxc3 O-O 13. O-O Bd7 14. Bxe7 axb5
15. Bd6 bxa4 16. Bxc7 Na5 17. Bd6 Rfc8 18. Bb4 Nc6 19. h3 Nxb4 20. cxb4 Bb5 21.
Rfe1 Ra6 22. Rac1 Rac6 23. Rxc6 Bxc6 24. Rc1 b6 25. b5 Bd7 26. Rxc8+ Bxc8 27.
Nd2 Bd7 28. Nf3 Bxb5 29. g4 Kf8 30. Kg2 Bc4 31. Ng5 h6 32. Nf3 Ke7 33. Nd2 Bd3
34. Kf3 f6 35. Ke3 Bh7 36. f4 g5 37. Nf3 gxf4+ 38. Kxf4 b5 39. Nd2 Bc2 40. Nf1
b4 41. axb4 a3 42. Ne3 Bb1 43. b5 a2 44. b6 a1=Q 45. exf6+ Kxf6 46. b7 Qxd4+ 47.
Kf3 Qa7 48. Kf4 Qxb7 49. g5+ hxg5+ 50. Kg4 Bf5+ 51. Nxf5 exf5+ 52. Kg3 Qb3+ 53.
Kg2 d4 54. h4 d3 55. hxg5+ Kxg5 56. Kf3 d2+ 57. Ke2 Qc2 58. Ke3 Qc1 59. Kf2 Qe1+
60. Kg2 d1=Q 0-1

[Event "Challenge"]
[Site "http://www.queenalice.com/game.php?id=290412"]
[Date "2007.10.21"]
[Round "-"]
[White "Hawkeye"]
[Black "danniel"]
[Result "1-0"]
[WhiteElo "1100"]
[BlackElo "1493"]

1. d4 e6 2. Nf3 c5 3. Nc3 d5 4. e3 Bd6 5. Be2 f5 6. a3 Qa5 7. Bd2 Bd7 8. O-O Qc7
9. Nb5 Qb6 10. Nxd6+ Qxd6 11. c4 Nf6 12. dxc5 Qxc5 13. Rc1 Qd6 14. Bc3 Ne4 15.
Bb4 Qb6 16. Bd3 d4 17. exd4 Bc6 18. c5 Qc7 19. Ne5 Na6 20. Be1 O-O-O 21. Bxe4
Bxe4 22. f3 Bd5 23. b4 h5 24. Bg3 Rhg8 25. Nd3 Qf7 26. Qa4 Bc6 27. b5 Bxb5 28.
Qxb5 Rd7 29. Ne5 Qe7 30. Nxd7 Qxd7 31. c6 bxc6 32. Qxa6+ Kd8 33. Qc4 Re8 34.
Rfe1 g5 35. Be5 Rf8 36. Qxc6 Qxc6 37. Rxc6 Kd7 38. Rc7+ Kd8 39. Rxa7 g4 40. Ra8+
Ke7 41. Rxf8 Kxf8 42. Rc1 Ke8 43. a4 h4 44. g3 hxg3 45. fxg4 gxh2+ 46. Kxh2 fxg4
47. a5 g3+ 48. Kxg3 Ke7 49. a6 Ke8 50. a7 Kf7 51. a8=Q Kg6 52. Kg4 Kh6 53. Qh8+
Kg6 54. Qg7# 1-0

[Event "Challenge"]
[Site "http://www.queenalice.com/game.php?id=290414"]
[Date "2007.10.21"]
[Round "-"]
[White "Hawkeye"]
[Black "danniel"]
[Result "1-0"]
[WhiteElo "1188"]
[BlackElo "1512"]

1. c4 e5 2. Nc3 c6 3. e4 Bc5 4. Nf3 d6 5. Be2 f6 6. a3 f5 7. d3 h6 8. O-O f4 9.
Nd2 g6 10. Bg4 Nf6 11. Bxc8 Qxc8 12. Nb3 Bd4 13. Ra2 Ng4 14. Nxd4 exd4 15. Ne2
d5 16. b3 g5 17. Nxd4 Rf8 18. Nf5 dxe4 19. dxe4 Qc7 20. Rd2 Kf7 21. Qxg4 Rd8 22.
Nxh6+ Kg6 23. Nf5 Nd7 24. Rd6+ Nf6 25. Bxf4 Rxd6 26. Qxg5+ Kh7 27. Nxd6 Qg7 28.
Qxg7+ Kxg7 29. f3 Nh5 30. Be5+ Kg6 31. Kf2 Rf8 32. g3 Nf6 33. h3 b5 34. cxb5 c5
35. Bxf6 Rxf6 36. Nc4 Kf7 37. Rd1 Ke7 38. Rd5 Rh6 39. h4 a6 40. Rxc5 axb5 41.
Rxb5 Ra6 42. Ke3 Kd7 43. g4 Rh6 44. h5 Ke7 45. a4 Kd7 46. a5 Kc6 47. Rb6+ Kc5
48. Rxh6 Kb4 49. Rb6+ Kc5 50. e5 Kd5 51. h6 Kc5 52. h7 Kd5 53. h8=Q Kc5 54. Qc8+
Kd5 55. Qc6# 1-0

[Event "Challenge"]
[Site "http://www.queenalice.com/game.php?id=294010"]
[Date "2007.10.27"]
[Round "-"]
[White "dida"]
[Black "Hawkeye"]
[Result "0-1"]
[WhiteElo "1509"]
[BlackElo "1100"]

1. e4 Nc6 2. Nc3 e5 3. Nf3 Nf6 4. a3 Bc5 5. d3 d5 6. exd5 Nxd5 7. Nxd5 Qxd5 8.
c4 Qd6 9. Bg5 O-O 10. Be3 Bf5 11. Bxc5 Qxc5 12. b4 Qe7 13. h3 Rad8 14. g4 Bg6
15. Be2 e4 16. O-O exf3 17. Bxf3 Bxd3 18. Re1 Qf6 19. b5 Ne5 20. Rc1 Bxc4 21.
Qa4 Nxf3+ 22. Kg2 Nxe1+ 23. Kg3 Qe5+ 24. f4 Qe3+ 25. Kh4 Qxc1 26. b6 Qxf4 27.
bxa7 Nf3+ 28. Kh5 g6# 0-1

[Event "black 1200-1299"]
[Site "http://www.queenalice.com/game.php?id=343558"]
[Date "2008.1.27"]
[Round "-"]
[White "luongo_00001"]
[Black "Hawkeye"]
[Result "1-0"]
[WhiteElo "1634"]
[BlackElo "1383"]

1. e4 c5 2. Nf3 d6 3. d4 cxd4 4. Nxd4 e5 5. Nf3 Be7 6. Bc4 Bg4 7. O-O Nf6 8.
Nbd2 O-O 9. Qe1 Nbd7 10. Ng5 Nc5 11. Qe3 Bh5 12. Nb3 Qc7 13. Nxc5 dxc5 14. c3
Qd6 15. a3 Ng4 16. Qh3 Nf6 17. Be3 Bg6 18. Rad1 Qc6 19. f3 h6 20. Nxf7 Bxf7 21.
Bxf7+ Rxf7 22. Rd2 b6 23. Qg3 Nxe4 24. fxe4 Bg5 25. Bxg5 hxg5 26. Rxf7 Kxf7 27.
Qxg5 Qe6 28. Qf5+ Qxf5 29. exf5 Ke7 30. g4 Rg8 31. g5 Rf8 32. Rf2 Kd6 33. h4 a6
34. h5 Rh8 35. Rh2 e4 36. h6 gxh6 37. Rxh6+ 1-0

[Event "Let's Play Chess!"]
[Site "http://www.queenalice.com/game.php?id=364045"]
[Date "2008.3.2"]
[Round "-"]
[White "Hawkeye"]
[Black "criscapitao"]
[Result "1-0"]
[WhiteElo "1372"]
[BlackElo "1210"]

1. c4 c5 2. Nf3 d6 3. g3 g6 4. Bg2 Bg4 5. O-O Nf6 6. d3 e6 7. Bd2 Bg7 8. Bc3 O-O
9. Nbd2 a6 10. Nb3 Qd7 11. Qd2 Ra7 12. h3 Bf5 13. Nh4 Nh5 14. e4 b6 15. exf5
exf5 16. d4 a5 17. Bd5 Ra6 18. Nxg6 hxg6 19. a4 Nf6 20. dxc5 bxc5 21. Nc1 Qe7
22. Re1 Qd7 23. Bxf6 Bxf6 24. Nd3 Bg7 25. Qg5 Rb6 26. Qxg6 Rxb2 27. Nxb2 Na6 28.
Nd3 Nc7 29. Qg5 Nxd5 30. cxd5 Qb7 31. Nf4 Qb2 32. Nh5 Qxf2+ 33. Kxf2 c4 34.
Qxg7# 1-0

[Event "Let's Play Chess!"]
[Site "http://www.queenalice.com/game.php?id=364049"]
[Date "2008.3.3"]
[Round "-"]
[White "Hawkeye"]
[Black "Chupaca"]
[Result "0-1"]
[WhiteElo "1435"]
[BlackElo "1650"]

1. Nf3 d5 2. d4 Nc6 3. c3 Bg4 4. e3 e5 5. dxe5 Nxe5 6. Nbd2 Nf6 7. Be2 Nfd7 8.
Nxe5 Nxe5 9. f3 Bd7 10. O-O Bc5 11. Nb3 Bd6 12. Qxd5 Bc6 13. Qd2 O-O 14. a4 b6
15. Nd4 Bb7 16. b4 Qe7 17. Nf5 Qe6 18. Nxd6 cxd6 19. Bb2 Rad8 20. Qc1 Bd5 21. e4
Bc4 22. Rf2 d5 23. Qe3 Ng6 24. Kf1 dxe4 25. Qxe4 Bd5 26. Qxe6 Bxe6 27. Bb5 Rc8
28. Rc1 Rfd8 29. f4 Bc4+ 30. Bxc4 Rxc4 31. g3 h5 32. Kg2 a5 33. Re2 axb4 34.
cxb4 Rxb4 35. Be5 Nxe5 36. fxe5 Rxa4 37. Rc6 b5 38. e6 fxe6 39. Rcxe6 Raa8 40.
R2e5 Ra2+ 41. Kh3 Rb8 42. Rxh5 b4 43. Rhe5 Raa8 44. Rd6 b3 45. Rd1 b2 46. Rb1
Ra1 47. Ree1 Rxb1 48. Rxb1 Rb4 49. Kg2 Kh7 50. Kf3 g5 51. Ke3 g4 52. Kd3 Kg6 53.
Kc3 Rb8 54. Rxb2 Rxb2 55. Kxb2 Kf5 56. Kc2 Ke4 57. Kd2 Kf3 58. Ke1 Kg2 59. Ke2
Kxh2 60. Kf2 Kh3 61. Kf1 Kxg3 62. Kg1 Kf3 63. Kf1 g3 0-1

[Event "Let's Play Chess!"]
[Site "http://www.queenalice.com/game.php?id=382635"]
[Date "2008.4.5"]
[Round "-"]
[White "pnasc"]
[Black "Hawkeye"]
[Result "1-0"]
[WhiteElo "2158"]
[BlackElo "1389"]

1. e4 c6 2. d4 d5 3. e5 Bf5 4. c4 e6 5. Nc3 Bb4 6. Qb3 Bxc3+ 7. bxc3 Qc7 8. Ba3
Ne7 9. Bd6 Qd7 10. c5 Nc8 11. Ne2 Bd3 12. h4 b6 13. Rh3 Bc4 14. Qc2 bxc5 15.
dxc5 Nxd6 16. cxd6 c5 17. Rg3 Nc6 18. f4 d4 19. Nxd4 Na5 20. Bxc4 Nxc4 21. Rxg7
Nxd6 22. exd6 Kf8 23. Rxh7 Rxh7 24. Qxh7 Qxd6 25. Qh8+ Ke7 26. Qxa8 cxd4 27.
Qxa7+ 1-0

[Event "Let's Play Chess!"]
[Site "http://www.queenalice.com/game.php?id=382675"]
[Date "2008.4.5"]
[Round "-"]
[White "Hawkeye"]
[Black "mc3"]
[Result "1-0"]
[WhiteElo "1389"]
[BlackElo "1534"]

1. c4 e5 2. Nc3 d6 3. Nf3 Bg4 4. e4 Nf6 5. Be2 Nc6 6. d3 h6 7. Be3 Be7 8. d4
exd4 9. Nxd4 Nxd4 10. Bxd4 Bxe2 11. Qxe2 O-O 12. O-O Qd7 13. Rad1 c5 14. Be5 Qe6
15. Bxf6 Qxf6 16. Nd5 Qe5 17. f4 Qe6 18. Nc7 Qc8 19. Nxa8 Qxa8 20. Rd5 b6 21.
Rf3 a5 22. a4 Qc6 23. b3 Re8 24. Rfd3 Rd8 25. e5 Rd7 26. e6 fxe6 27. Qxe6+ Kf8
28. Kf1 Qc8 29. Rf5+ Ke8 30. Qf7+ Kd8 31. Qxg7 Qc6 32. Qg8+ Kc7 33. Re3 Rd8 34.
Rxe7+ Kc8 35. Rf8 Qc7 36. Rxc7+ 1-0

[Event "Let's Play Chess!"]
[Site "http://www.queenalice.com/game.php?id=414073"]
[Date "2008.6.6"]
[Round "-"]
[White "igorjava"]
[Black "Hawkeye"]
[Result "1/2-1/2"]
[WhiteElo "1791"]
[BlackElo "1412"]

1. e4 c5 2. Nf3 d6 3. d4 cxd4 4. Nxd4 e5 5. Nb3 Nf6 6. Nc3 Be6 7. Bg5 Be7 8.
Bb5+ Nc6 9. O-O O-O 10. f4 exf4 11. Bxf4 Qb6+ 12. Kh1 Rad8 13. Bd3 Ng4 14. Qf3
Nce5 15. Qe2 a6 16. Nd5 Bxd5 17. exd5 Rde8 18. h3 Nf6 19. Bxe5 dxe5 20. Qxe5 Bd6
21. Qf5 Re5 22. Qf3 Nxd5 23. Rae1 Ne7 24. Rxe5 Bxe5 25. c3 h6 26. Re1 Bf6 27.
Re2 Rd8 28. Qe4 Qc7 29. Qh7+ Kf8 30. Nd2 Qd7 31. Bc4 Ng8 32. Qe4 Bg5 33. Nf3 Nf6
34. Qc2 g6 35. Ne5 Qf5 36. Qxf5 gxf5 37. Nxf7 Rd1+ 38. Kh2 b5 39. Bb3 Rd2 40.
Rxd2 Bxd2 41. g3 f4 42. Nd8 Nh5 43. Ne6+ Ke7 44. gxf4 Nxf4 45. Nxf4 Bxf4+ 46.
Kg2 Bd6 47. c4 b4 48. Bc2 Kf6 49. Kf3 Ke5 50. Ke3 Bc5+ 51. Kd3 Kf4 52. Bd1 Be3
53. b3 Bc5 54. Bg4 Ke5 55. Bc8 a5 56. Bg4 Kf4 57. Be6 Be3 58. Bf7 Bc5 59. h4 Be3
60. h5 Bc5 61. Bg6 Be3 62. Be8 Bc5 63. Bg6 Be3 64. Be8 Bc5 65. Bg6 1/2-1/2

[Event "Challenge"]
[Site "http://www.queenalice.com/game.php?id=423565"]
[Date "2008.6.26"]
[Round "-"]
[White "eagleclaws"]
[Black "Hawkeye"]
[Result "0-1"]
[WhiteElo "1227"]
[BlackElo "1425"]

1. a4 c6 2. a5 b6 3. b4 Nf6 4. c3 Na6 5. d4 g6 6. h4 Bg7 7. g3 O-O 8. f4 d6 9.
e3 Ne4 10. Qf3 d5 11. g4 Bb7 12. g5 Qd6 13. Bb2 Nxb4 14. Na3 Na6 15. O-O-O b5
16. h5 Nxc3 17. Rd3 Na2+ 18. Kc2 N2b4+ 19. Kb1 Nxd3 20. Bxd3 Rfc8 21. h6 Bh8 22.
Qg4 b4 23. Nc4 dxc4 24. Bxc4 Nc5 25. f5 Na4 26. Ba1 Nc3+ 27. Kc2 Nd5 28. Qf3 c5
29. Nh3 Rab8 30. Kd2 Nf6 31. Qf1 Bxh1 32. Qxh1 Ne4+ 33. Kd1 Nc3+ 34. Kc1 Bxd4
35. exd4 cxd4 36. Qe1 Rxc4 37. f6 Nd5+ 38. Kb1 Re8 39. Qd2 Nc3+ 40. Kc2 Ne2+ 41.
Kb3 Qe6 42. Nf2 Rc3+ 43. Kb2 Qb3# 0-1

[Event "Challenge"]
[Site "http://www.queenalice.com/game.php?id=444458"]
[Date "2008.8.6"]
[Round "-"]
[White "PROFALEXANDRE"]
[Black "Hawkeye"]
[Result "1-0"]
[WhiteElo "1528"]
[BlackElo "1429"]

1. e4 d5 2. exd5 Nf6 3. Nc3 Bf5 4. Bb5+ c6 5. Ba4 Nxd5 6. Nxd5 Qxd5 7. f3 Qa5 8.
b3 b5 9. g4 bxa4 10. gxf5 Nd7 11. Qe2 axb3 12. cxb3 Qxf5 13. Bb2 Nb6 14. d4 Qa5+
15. Kf1 e6 16. Nh3 Nd5 17. Qe5 Qa6+ 18. Kg2 Kd7 19. Ng5 Ke7 20. Ne4 Kd7 21. Nc5+
Bxc5 22. dxc5 Rhg8 23. Rhd1 Rae8 24. Qg3 Qe2+ 25. Kh3 Qxb2 26. Rdb1 Qf6 27. Qd6+
Kc8 28. Qxc6+ Kb8 29. Qd6+ Nc7 30. c6 e5 31. Qb4+ Nb5 32. Qxb5+ Kc7 33. Qb7+ Kd6
34. Rd1+ 1-0

[Event "Let's Play Chess!"]
[Site "http://www.queenalice.com/game.php?id=508844"]
[Date "2008.12.23"]
[Round "-"]
[White "dida"]
[Black "Hawkeye"]
[Result "0-1"]
[WhiteElo "1563"]
[BlackElo "1416"]

1. e4 b6 2. Bc4 Bb7 3. d3 d5 4. exd5 Bxd5 5. f3 c6 6. Bxd5 cxd5 7. a3 Nf6 8. Bf4
Nc6 9. Ne2 e5 10. Bxe5 Nxe5 11. Nf4 Bd6 12. Nc3 d4 13. Ncd5 Nfd7 14. O-O O-O 15.
Nh5 f5 16. f4 Ng4 17. Nxg7 Kxg7 18. Qf3 Ne3 19. Nxe3 dxe3 20. Qg3+ Kh8 21. Rf3
Qf6 22. c3 Rg8 23. Qe1 Bxf4 24. Rxf4 Qg5 25. g3 Qxf4 26. Kh1 Qf3+ 27. Kg1 f4 28.
d4 Qh5 29. Kh1 Nf6 30. Kg2 Raf8 31. Rc1 Ne4 32. Rc2 f3+ 33. Kh1 Nxg3+ 34. Kg1
f2+ 35. Rxf2 exf2+ 0-1

[Event "Challenge"]
[Site "http://www.queenalice.com/game.php?id=573771"]
[Date "2009.4.18"]
[Round "-"]
[White "pablonet"]
[Black "Hawkeye"]
[Result "0-1"]
[WhiteElo "1713"]
[BlackElo "1439"]

1. e4 b6 2. d4 Bb7 3. Nc3 e6 4. Nf3 Bb4 5. Bd2 Bxc3 6. Bxc3 Bxe4 7. Bd3 d5 8.
O-O Ne7 9. Ne5 O-O 10. Bd2 Nd7 11. Nxd7 Qxd7 12. Qg4 Bf5 13. Qg3 Bxd3 14. Qxd3
Qc8 15. Rfe1 c5 16. Bc3 Rb8 17. Re3 h6 18. Rc1 Nf5 19. Rf3 cxd4 20. Bxd4 Nxd4
21. Qxd4 Qb7 22. Rg3 f6 23. Re3 e5 24. Qg4 Qf7 25. f4 e4 26. Rd1 f5 27. Qe2 Rfc8
28. c3 Rb7 29. Qb5 Rd7 30. b3 Rc5 31. Qe2 Rdc7 32. Rc1 b5 33. b4 Rc4 34. Qe1 d4
35. Rg3 Qf6 36. Qd1 Kf8 37. Rh3 Rxc3 38. Rhxc3 Rxc3 39. Rxc3 dxc3 40. Qc2 Qd4+
41. Kf1 Qxb4 42. Ke2 Qb2 43. Kd1 Qxc2+ 44. Kxc2 b4 0-1

[Event "Let's Play Chess!"]
[Site "http://www.queenalice.com/game.php?id=641304"]
[Date "2009.8.24"]
[Round "-"]
[White "BobySponja"]
[Black "Hawkeye"]
[Result "1-0"]
[WhiteElo "1659"]
[BlackElo "1461"]

1. e4 d5 2. exd5 Nf6 3. Bc4 g6 4. Nf3 Bg7 5. d4 Nxd5 6. c3 O-O 7. Nbd2 c6 8. Ne4
Na6 9. O-O Nac7 10. Bd2 Bf5 11. Nc5 Bc8 12. Re1 b6 13. Nd3 Bf5 14. Be3 Qd6 15.
Nde5 b5 16. Bb3 Nxe3 17. Rxe3 Nd5 18. Re1 Bf6 19. h3 h5 20. c4 bxc4 21. Bxc4
Rac8 22. Nd3 Bxd3 23. Bxd3 Nf4 24. Ba6 Rc7 25. Rc1 Nd5 26. a3 c5 27. Bc4 e6 28.
dxc5 Rxc5 29. b3 Qc6 30. Ne5 Bxe5 31. Rxe5 a5 32. a4 Qd6 33. Re1 Rd8 34. Qc2
Rxc4 35. Qxc4 Nb4 36. Red1 Qe7 37. Rxd8+ Qxd8 38. Qc8 Qxc8 39. Rxc8+ Kg7 40. Ra8
Nc6 41. Ra6 Nd4 42. Rxa5 Nxb3 43. Ra8 e5 44. a5 Nd4 45. a6 Kf6 46. Rb8 Kf5 47.
a7 Nc6 48. a8=Q Nxb8 49. Qxb8 f6 50. Kf1 g5 51. Ke2 Ke4 52. Qb4+ Kf5 53. f3 h4
54. Qe4+ Ke6 55. Qg6 Ke7 56. Ke3 Ke6 57. Ke4 Ke7 58. Kf5 1-0

[Event "Let's Play Chess!"]
[Site "http://www.queenalice.com/game.php?id=641308"]
[Date "2009.8.24"]
[Round "-"]
[White "Hawkeye"]
[Black "BobySponja"]
[Result "0-1"]
[WhiteElo "1466"]
[BlackElo "1739"]

1. c4 e5 2. d3 d6 3. Nc3 Nf6 4. e3 Bf5 5. Be2 Nc6 6. a3 Be7 7. e4 Bg6 8. Nf3 h6
9. O-O Nd4 10. Nxd4 exd4 11. Nb1 c5 12. Nd2 a6 13. Nf3 Ng4 14. Bf4 f6 15. Nh4
Nxf2 16. Rxf2 Bf7 17. Bh5 Rf8 18. Ng6 Bxg6 19. Bxg6+ Kd7 20. Qf3 Kc7 21. Bd2 Kb8
22. Qg4 Ka7 23. b4 Qc7 0-1

[Event "Feliz Natal"]
[Site "http://www.queenalice.com/game.php?id=701938"]
[Date "2009.12.22"]
[Round "-"]
[White "Hawkeye"]
[Black "GuiGui1993"]
[Result "0-1"]
[WhiteElo "1451"]
[BlackElo "1910"]

1. c4 Nf6 2. Nc3 e5 3. d3 Bc5 4. Bg5 O-O 5. Nf3 d6 6. d4 exd4 7. Nxd4 Be6 8. e3
h6 9. Bh4 Bxd4 10. exd4 Re8 11. Be2 Bxc4 12. O-O Bxe2 13. Nxe2 Qe7 14. Re1 Qe6
15. f3 Nd5 16. Bf2 Nd7 17. Qd2 Qg6 18. Rad1 N7f6 19. Ng3 Nh5 20. Nxh5 Qxh5 21.
Be3 Re6 22. a3 Rae8 23. Bf2 c6 24. h3 Rg6 25. Rxe8+ Kh7 26. Kf1 Qf5 27. Be3 Nf6
28. Re7 Nh5 29. Kg1 Qxf3 30. Rf1 Qxh3 31. Bf4 Nxf4 32. Rxf4 b6 33. Re3 Qh5 34.
Qc2 c5 35. Qe2 Qg5 36. Rxf7 cxd4 37. Rd3 Qd5 38. Qf2 Qc4 39. Qd2 Qxf7 40. Rxd4
Qf6 41. Qd3 Qe5 42. Rg4 Qe1+ 43. Kh2 Qe6 44. Kh1 Qxg4 0-1

[Event "Feliz Natal"]
[Site "http://www.queenalice.com/game.php?id=701939"]
[Date "2009.12.22"]
[Round "-"]
[White "Hawkeye"]
[Black "GuiGui1993"]
[Result "0-1"]
[WhiteElo "1453"]
[BlackElo "1877"]

1. e4 e5 2. Nf3 Nc6 3. d4 exd4 4. Nxd4 Nxd4 5. Qxd4 c5 6. Qe5+ Qe7 7. Bf4 d6 8.
Qd5 Nf6 9. Bxd6 Nxd5 10. Bxe7 Nxe7 11. Bc4 Bg4 12. O-O Nc6 13. Nc3 Bd6 14. f3
Bh5 15. a3 O-O 16. Nb5 Be5 17. Rad1 Bxb2 18. c3 a6 19. Nc7 Rac8 20. Ne6 fxe6 21.
Bxe6+ Kh8 22. Bxc8 Rxc8 23. Rd7 b5 24. Rfd1 Bxc3 25. Kf1 Nd4 26. Rd5 Bf7 27. Rd7
Bb3 28. Rc1 Bc4+ 29. Kf2 Ne2 30. Rcd1 Bd4+ 31. R1xd4 Nxd4 32. Ra7 b4 33. axb4
cxb4 34. Rd7 Nb5 35. Rd2 b3 36. f4 h5 37. h3 a5 38. g3 a4 39. h4 a3 40. Ke3 a2
0-1